000 00894nam a2200277 c 4500
003 BLK
005 20180422115235.0
008 180411b bul|||||r ||||||| ||bul||
010 _aKNG00191635000
040 _aBLK
041 _aBUL
_cBUL
080 _aБългарска литература
_b821.163.2
_x-1
_z821.163.2-1
100 1 _aГюлев, Николай
_eпърви автор
_9370929
139 _aГюлев, Николай
_bГ 98
245 1 0 _aПръст и вода
_bСтихове
_cНиколай Гюлев.
257 _aBGR
260 Пловдив
_bХристо Г. Данов
_c1975
300 _a45 с.
_c20 см
380 _aX
500 _a1 300 тир.
852 _aЦб 76122
856 4 _qpdf
_u
856 4 _qpdf
_u
942 _cKNG
_n0
944 _aCR
_c05.10.2016
_kРадостина_Карадакова
944 _aED
_c05.10.2016
_kРадостина_Карадакова
999 _c182710
_d182710